000 00223nam a2200097Ia 4500
008 230915s9999 xx 000 0 und d
050 _aQC30.S47 2000
100 _aRAYMOND A.SERWAY
245 0 _aHOLT PHYSICS
942 _cBK
999 _c189371
_d189371